Cases on digital technologies in higher education: issues and challenges (Record no. 36826)

MARC details
000 -LEADER
fixed length control field 00810nam a2200181 a 4500
008 - FIXED-LENGTH DATA ELEMENTS--GENERAL INFORMATION
fixed length control field 150512s2010 ||||||||||||||||| || u
020 ## - INTERNATIONAL STANDARD BOOK NUMBER
International Standard Book Number 9781615208692
050 ## - LIBRARY OF CONGRESS CALL NUMBER
Classification number LB 2395.7 Cas
100 ## - MAIN ENTRY--PERSONAL NAME
Personal name Luppicini, Rocci
245 10 - TITLE STATEMENT
Title Cases on digital technologies in higher education: issues and challenges
Statement of responsibility, etc. By Rocci Luppicini and A. K. Haghi
260 ## - PUBLICATION, DISTRIBUTION, ETC.
Place of publication, distribution, etc. New York
Name of publisher, distributor, etc. IGI Global
Date of publication, distribution, etc. 2010
300 ## - PHYSICAL DESCRIPTION
Extent xviii, 361p. : ill
350 ## - PRICE (NR) (BK AM CF MU VM SE) [OBSOLETE]
Price 79.54
650 ## - SUBJECT ADDED ENTRY--TOPICAL TERM
Topical term or geographic name entry element EDUCATION,HIGHER--COMPUTER-ASSISTED INSTRUCTION--CASE STUDIES
650 ## - SUBJECT ADDED ENTRY--TOPICAL TERM
Topical term or geographic name entry element EDUCATION RECHNOLOGY--CASE STUDIES
650 ## - SUBJECT ADDED ENTRY--TOPICAL TERM
Topical term or geographic name entry element EDUCATION, HIGHER--EFFECT OF TECHNOLOGICAL INNOVATIONS--CASE STUDIES
995 ## - RECOMMENDATION 995 [LOCAL, UNIMARC FRANCE]
-- CBU-MAIN LIBRARY (Kitwe)
-- 79.54
-- 1
-- AVAILABLE
-- May 15, 2015
-- Main Library Open Access Collection
Holdings
Withdrawn status Lost status Source of classification or shelving scheme Damaged status Not for loan Home library Current library Shelving location Date acquired Total Checkouts Full call number Barcode Date last seen Price effective from Koha item type
          CBU-MAIN LIBRARY, KITWE. CBU-MAIN LIBRARY, KITWE.   11/30/2022   LB 2395.7 Cas 745350 11/30/2022 11/30/2022 MONOGRAPH